| 000 | 01139nam0a2200253 4500 | ||
|---|---|---|---|
| 001 | RU\NLR\BIBL_A\010507458 | ||
| 005 | 20260406100931.0 | ||
| 035 | _a(NLR Aleph) 010507458 | ||
| 090 |
_a10162667 _c10162667 |
||
| 100 | _a20141022d1960 |||y0rusy50 ca | ||
| 101 | 1 |
_asah _brus _ceng |
|
| 102 | _aRU | ||
| 105 | _aa z 000yy | ||
| 200 | 1 |
_aРобинзон Крузо олоҕо уонна муччургэннээх дьикти сырыылара _eроман _fДаниэль Дефо _g[пер. с рус. Д. В. Кириллина _gрис. Ж. Гранвиля] |
|
| 210 |
_aЯкутскай _cСаха сиринээҕи кинигэ изд-вота _d1960 |
||
| 215 |
_a266,[1] с. _cил. _d21 |
||
| 541 | 1 |
_aПриключения Робинзона Крузо _eроман _zrus |
|
| 686 | 1 | _aШ9(2)673=Я(4Вл)-4 | |
| 700 | 1 |
_4070 _7ca _8rus _aДефо _bД. _fок.1660-1731 _gДаниель _9912 _3RU\NLR\AUTH\7717827 |
|
| 702 | 1 |
_4440 _7ca _8rus _aГранвиль _bЖ. Ж. _f1803-1847 _gЖан Жак _961293 _3RU\NLR\AUTH\7778365 |
|
| 852 |
_aNLR _bОНЛ _jЯкут./3-1239 |
||
| 942 | _cBOOK | ||
| 980 | _aNB | ||